Βασικά στοιχεία για την ελληνική οικογένεια

Saved in:
Bibliographic Details
Main Author: Μουσούρου, Λουκία Μ.
Format: Book
Language:Greek
French
Published: Αθήνα : Gutenberg, 1987.
Series:Κοινωνιολογική & ανθρωπολογική βιβλιοθήκη Gutenberg
Subjects:
Tags: Add Tag
No Tags, Be the first to tag this record!

MARC

LEADER 00000cam a2200000 i 4500
001 1/90459
008 970311s1987 gr | ||| |||| ||gre||
035 |l 10007535 
040 |a GR-MyUA  |b gre  |e AACR2 
041 1 |a gre  |h fre 
082 0 |a 306.8 
100 0 |a Μουσούρου, Λουκία Μ. 
245 1 0 |a Βασικά στοιχεία για την ελληνική οικογένεια /   |c Λουκία Μ. Μουσούρου.  
260 |a Αθήνα :   |b Gutenberg,   |c 1987.  
490 1 |a (Κοινωνιολογική βιβλιοθήκη)  
650 0 0 |a Family. 
650 0 0 |a Family  |z Greece. 
650 0 0 |a Marriage. 
765 0 8 |i Μετάφραση του:   |t Sociologie de la famille et du mariage /  
830 0 |a Κοινωνιολογική & ανθρωπολογική βιβλιοθήκη Gutenberg 
852 |a INST  |b LESVOS  |e 19970311  |h 306.8 MIC  |p 005100025352  |q 005100025352  |t BK  |y 12 
909 |a Λ  |b 012901